书目信息 |
| 题名: |
食品工厂设计与环境保护
|
|
| 作者: | 王颉 主编 | |
| 分册: | ||
| 出版信息: | 北京 化学工业出版社 2006.3 |
|
| 页数: | 252页 | |
| 开本: | 26cm | |
| 丛书名: | ||
| 单 册: | ||
| 中图分类: | TS208 , X322 | |
| 科图分类: | ||
| 主题词: | 食品厂--设计--高等学校--教材 , 食品厂--环境保护--高等学校--教材 , 食品厂 , 环境保护 | |
| 电子资源: | ||
| ISBN: | 978-7-5025-8036-0 | |
| 000 | 00974nam0 2200289 45 | |
| 001 | 1356822312 | |
| 005 | 20130514160157.78 | |
| 010 | @a978-7-5025-8036-0@dCNY29.80 | |
| 100 | @a20130108d2006 em y0chiy0110 ea | |
| 101 | 0 | @achi |
| 102 | @aCN@b110000 | |
| 105 | @ay z 000yy | |
| 106 | @ar | |
| 200 | 1 | @a食品工厂设计与环境保护@Ashi pin gong chang she ji yu huan jing bao hu@f王颉主编@FWang Jie Zhu Bian |
| 210 | @a北京@c化学工业出版社@d2006.3 | |
| 215 | @a252页@d26cm | |
| 300 | @a高等学校教材 获第八届中国石油和化学工业优秀教材奖 | |
| 330 | @a本书在简要介绍基本建设程序和工厂设计内容的基础上,重点介绍了厂址选择和总平面设计,工厂工艺设计,环境保护等内容。 | |
| 606 | 0 | @a食品厂@x设计@x高等学校@j教材 |
| 606 | 0 | @a食品厂@x环境保护@x高等学校@j教材 |
| 606 | 0 | @a食品厂 |
| 606 | 0 | @a环境保护 |
| 690 | @aTS208@v5 | |
| 690 | @aX322@v5 | |
| 701 | 0 | @a王颉@Awang xie@c(食品工业)@4主编 |
| 801 | @aCN@bTANGWEI@c20130108 | |
| 905 | @b0830017-21@dTS208@e158@f5 | |
| 食品工厂设计与环境保护/王颉主编.-北京:化学工业出版社,2006.3 |
| 252页;26cm |
| 高等学校教材 获第八届中国石油和化学工业优秀教材奖 |
| ISBN 978-7-5025-8036-0:CNY29.80 |
| 本书在简要介绍基本建设程序和工厂设计内容的基础上,重点介绍了厂址选择和总平面设计,工厂工艺设计,环境保护等内容。 |
| ● |
| 相关链接 |
|
|
|
|
正题名:食品工厂设计与环境保护
索取号:TS208/158
 
预约/预借
| 序号 | 登录号 | 条形码 | 馆藏地/架位号 | 状态 | 备注 |
| 1 | 0830017 | 208300177 | 第二样本阅览室/ [索取号:TS208/158] | 在馆 | |
| 2 | 0830018 | 208300186 | 第三借阅区/ [索取号:TS208/158] | 在馆 | |
| 3 | 0830019 | 208300195 | 第三借阅区/ [索取号:TS208/158] | 在馆 | |
| 4 | 0830020 | 208300202 | 第三借阅区/ [索取号:TS208/158] | 在馆 | |
| 5 | 0830021 | 208300211 | 第三借阅区/ [索取号:TS208/158] | 在馆 |